Normal view MARC view

Entry Corporate Name

Number of records used in: 1

001 - CONTROL NUMBER

  • control field: 4467

003 - CONTROL NUMBER IDENTIFIER

  • control field: OSt

005 - DATE AND TIME OF LATEST TRANSACTION

  • control field: 20211105132540.0

008 - FIXED-LENGTH DATA ELEMENTS

  • fixed length control field: 211105|| aca||aabn | a|a d

040 ## - CATALOGING SOURCE

  • Original cataloging agency: OSt
  • Transcribing agency: OSt

110 ## - HEADING--CORPORATE NAME

  • Corporate name or jurisdiction name as entry element: Nobel Foundation

670 ## - SOURCE DATA FOUND

  • Source citation: Work cat.: (OSt): Nobel Foundation, Nobel lectures in physics 1922-1941, 1965

Powered by Koha